000 00301nam a2200121Ia 4500
008 190216s9999||||xx |||||||||||||| ||und||
100 _aVaikam Muhammed Basheer
245 0 _aNdeuppoopakoru Anandarnu
260 _bCalicut University Publications
300 _a48
650 _aMalayalam
942 _cBK
999 _c27618
_d27618